[Event "Chessable Masters Final 8"]
[Site "chess24.com INT"]
[Date "2020.07.02"]
[Round "2.33"]
[White "Nepomniachtchi, I"]
[Black "Giri, A"]
[Result "1/2-1/2"]
[WhiteElo "2784"]
[BlackElo "2764"]
[EventDate "2020.06.25"]
[WhiteTitle "GM"]
[BlackTitle "GM"]
[WhiteFideId "4168119"]
[BlackFideId "24116068"]

1.Nf3 Nf6 2.c4 c5 3.Nc3 Nc6 4.d4 cxd4 5.Nxd4 e6 6.a3 Bc5 7.Nb3 Bb6 8.c5 
Bc7 9.g3 b6 10.Bg2 O-O 11.O-O bxc5 12.Nxc5 Qe7 13.b4 a5 14.Rb1 axb4 15.
axb4 d5 16.Nd3 Ne5 17.Be3 Nc4 18.Bc5 Bd6 19.e4 dxe4 20.Nxe4 Nxe4 21.Bxe4 
Bb7 22.Bxb7 Qxb7 23.Rc1 Bxc5 24.Nxc5 Qd5 25.Qxd5 exd5 26.Rfd1 Nb6 27.Nd3 
Rfc8 28.Rc5 g5 29.Rb5 Rc6 30.Re1 Rd6 31.Re7 Kf8 32.Rc7 Re8 33.Ra7 Kg7 34.
Ra6 Ree6 35.Kg2 h6 36.Ra7 Rf6 37.Rc5 Rde6 38.Ra2 Re4 39.Rc7 Rd4 40.Ne5 Re4
41.Nd3 Rd4 42.Ne5 Re4 43.Nc6 Rc4 44.b5 Rc5 45.Re2 Rxb5 46.Nd4 Rb4 47.Ne6+ 
Kg8 48.Nd8 Re4 49.Rxe4 dxe4 50.Re7 Kf8 51.Rxe4 Rd6 52.Nb7 1/2-1/2

[Event "Chessable Masters Final 8"]
[Site "chess24.com INT"]
[Date "2020.07.03"]
[Round "3.15"]
[White "Giri, A"]
[Black "Carlsen, M"]
[Result "1/2-1/2"]
[WhiteElo "2764"]
[BlackElo "2863"]
[EventDate "2020.06.25"]
[WhiteTitle "GM"]
[BlackTitle "GM"]
[WhiteFideId "24116068"]
[BlackFideId "1503014"]

1.d4 d5 2.c4 e6 3.Nf3 Nf6 4.Nc3 c6 5.e3 Nbd7 6.Qc2 Bd6 7.b3 O-O 8.Be2 b6 
9.O-O Bb7 10.Bb2 Qe7 11.Rad1 Rad8 12.Rfe1 Rfe8 13.Bf1 c5 14.cxd5 exd5 15.
dxc5 Nxc5 16.Qf5 Nce4 17.Nxe4 Nxe4 18.Bb5 Rf8 19.Bd3 g6 20.Qh3 Bb4 21.Qh6 
f6 22.Rf1 Rc8 23.h4 Bc3 24.Bxc3 Rxc3 25.Nd4 Rxd3 26.Rxd3 Ba6 27.Rdd1 Bxf1 
28.Rxf1 Rc8 29.Qf4 Qe5 30.Qg4 Rc7 31.Qe2 Kf7 32.Qd3 Nc5 33.Qb5 Ne6 34.Nf3 
Qd6 35.Rd1 Qc5 36.Qd3 Rd7 37.h5 Kg7 38.hxg6 hxg6 39.g3 d4 40.Nxd4 Nxd4 41.
exd4 Qd5 42.Qe3 Rc7 43.Re1 g5 44.Qd3 b5 45.Qe3 b4 46.g4 a5 47.f3 Rd7 48.
Rd1 Rc7 49.Re1 Rd7 50.Rd1 Rc7 51.Kf2 Qd6 52.Kg2 Re7 53.Qd2 Qd5 54.Rc1 Qe6 
55.Rc2 Qe3 56.Qxe3 Rxe3 57.Kf2 Rd3 58.Ke2 Rxd4 59.Rc5 Kf7 60.Rxa5 Rd7 61.
Rb5 Ra7 62.Rxb4 Rxa2+ 63.Ke3 Ke6 64.Rb6+ Ke5 65.Rb5+ Ke6 66.b4 Ra1 67.Rb8 
Ra3+ 68.Ke4 Rb3 69.f4 gxf4 70.Kxf4 Rb1 71.Rb6+ Kf7 72.b5 Kg6 73.Rb8 Rb4+ 
74.Kf3 f5 75.gxf5+ Kxf5 76.b6 Ke6 77.Rh8 Kd7 78.Rh6 Kc8 79.Ke3 Kb7 80.Kd3 
Rxb6 81.Rxb6+ Kxb6 1/2-1/2

[Event "Chessable Masters Final 8"]
[Site "chess24.com INT"]
[Date "2020.07.04"]
[Round "3.23"]
[White "Carlsen, M"]
[Black "Giri, A"]
[Result "1/2-1/2"]
[WhiteElo "2863"]
[BlackElo "2764"]
[EventDate "2020.06.25"]
[WhiteTitle "GM"]
[BlackTitle "GM"]
[WhiteFideId "1503014"]
[BlackFideId "24116068"]

1.c4 e5 2.Nc3 Nf6 3.Nf3 Nc6 4.e4 Bb4 5.d3 d6 6.h3 Bc5 7.Be2 Nd4 8.Rb1 a5 
9.a3 h6 10.b4 axb4 11.axb4 Bb6 12.O-O O-O 13.Be3 Nxf3+ 14.Bxf3 Bxe3 15.
fxe3 Be6 16.Qd2 c6 17.Ra1 Qb6 18.b5 Rfb8 19.Rfb1 Qd8 20.Rxa8 Rxa8 21.bxc6 
bxc6 22.Nd1 Ra3 23.Nf2 g6 24.d4 Qc7 25.d5 Bd7 26.Kh2 cxd5 27.cxd5 Kg7 28.
Nd1 h5 29.Qc1 Qa5 30.Rb7 h4 31.Qb2 Ra4 32.Qc3 Qxc3 33.Nxc3 Ra3 34.Nd1 Kf8 
35.Rb6 Ke7 36.Rb7 g5 37.Nf2 Kd8 38.Rb8+ Ke7 39.Rb7 Kd8 40.Rb8+ Ke7 41.Rb7 
1/2-1/2

[Event "Carlsen Tour Final 2020"]
[Site "chess24.com INT"]
[Date "2020.08.09"]
[Round "1.16"]
[White "Carlsen, M"]
[Black "Ding Liren"]
[Result "1-0"]
[WhiteElo "2863"]
[BlackElo "2791"]
[EventDate "2020.08.09"]
[WhiteTitle "GM"]
[BlackTitle "GM"]
[WhiteFideId "1503014"]
[BlackFideId "8603677"]

1.d4 Nf6 2.Nf3 d5 3.Bf4 c5 4.e3 e6 5.c3 Bd6 6.Bd3 Bxf4 7.exf4 Qb6 8.Qc2 
cxd4 9.Nxd4 Nc6 10.Nf3 O-O 11.O-O Bd7 12.Nbd2 Rac8 13.a3 Rfd8 14.Rfe1 h6 
15.Ne5 Nxe5 16.fxe5 Ne8 17.Nf3 Bb5 18.Bh7+ Kh8 19.a4 Ba6 20.Qb1 g6 21.Bxg6
fxg6 22.Qxg6 Qc7 23.Qxh6+ Qh7 24.Qxh7+ Kxh7 25.Ng5+ Kg8 26.Nxe6 Rd7 27.Re3
Ng7 28.Nd4 Rf8 29.e6 Re7 30.g4 b6 31.Rae1 Bc8 32.Kg2 Rfe8 33.Kg3 Bxe6 34.
h4 Kf8 35.h5 Bg8 36.Rxe7 Rxe7 37.Rxe7 Kxe7 38.Kf4 Ne6+ 39.Nxe6 Bxe6 40.Kg5
Kf7 41.a5 bxa5 42.f4 Kg7 43.f5 Bd7 44.h6+ Kh7 45.Kf6 Kxh6 46.Ke7 1-0

[Event "Carlsen Tour Final 2020"]
[Site "chess24.com INT"]
[Date "2020.08.09"]
[Round "1.17"]
[White "Carlsen, M"]
[Black "Ding Liren"]
[Result "1/2-1/2"]
[WhiteElo "2863"]
[BlackElo "2791"]
[EventDate "2020.08.09"]
[WhiteTitle "GM"]
[BlackTitle "GM"]
[WhiteFideId "1503014"]
[BlackFideId "8603677"]

1.d4 Nf6 2.Nf3 g6 3.Bf4 Bg7 4.e3 O-O 5.Be2 d6 6.h3 c5 7.Nbd2 cxd4 8.exd4 
Nc6 9.c3 e5 10.dxe5 dxe5 11.Bg5 h6 12.Bxf6 Qxf6 13.O-O Rd8 14.Qb3 Qe7 15.
Rad1 e4 16.Nh2 e3 17.Ndf3 exf2+ 18.Rxf2 Be6 19.Qa4 a6 20.Re1 b5 21.Qf4 Qc5
22.a3 Ne5 23.Bf1 Nxf3+ 24.Nxf3 Ra7 25.Nd2 Rad7 26.Ne4 Qb6 27.Nf6+ Bxf6 28.
Qxf6 Rd2 29.Qf4 Rxb2 30.Re3 Rxf2 31.Qxf2 Kg7 32.Qe1 Rd1 33.Qxd1 Qxe3+ 34.
Kh2 Qxc3 35.Qd6 Bc4 36.Bxc4 bxc4 37.Qxa6 Qe5+ 38.Kg1 Qe1+ 39.Kh2 Qe5+ 40.
Kg1 Qe1+ 41.Kh2 Qe5+ 1/2-1/2

[Event "Carlsen Tour Final 2020"]
[Site "chess24.com INT"]
[Date "2020.08.12"]
[Round "1.45"]
[White "Carlsen, M"]
[Black "Ding Liren"]
[Result "1/2-1/2"]
[WhiteElo "2863"]
[BlackElo "2791"]
[EventDate "2020.08.09"]
[WhiteTitle "GM"]
[BlackTitle "GM"]
[WhiteFideId "1503014"]
[BlackFideId "8603677"]

1.d4 Nf6 2.Nf3 d5 3.Bf4 c5 4.e3 Nc6 5.Nbd2 Qb6 6.dxc5 Qxb2 7.Rb1 Qc3 8.Bb5
g6 9.O-O Bg7 10.Nb3 O-O 11.Bxc6 bxc6 12.Be5 Qc4 13.Nfd4 Bd7 14.Qd3 Ne4 15.
Bxg7 Kxg7 16.Qxc4 dxc4 17.Na5 Nd2 18.Rb7 Bc8 19.Rxe7 Nxf1 20.Kxf1 Rd8 21.
Naxc6 Rd7 22.Re5 Rc7 23.Na5 Kf6 24.f4 Re7 25.Rxe7 Kxe7 26.Ke2 Be6 27.e4 
Rc8 28.c6 Kd6 29.Nb7+ Kc7 30.Nc5 Kd6 31.Nb7+ Kc7 32.Nc5 Kd6 33.Nb7+ 
1/2-1/2

[Event "Carlsen Tour Final 2020"]
[Site "chess24.com INT"]
[Date "2020.08.12"]
[Round "1.42"]
[White "Ding Liren"]
[Black "Carlsen, M"]
[Result "1-0"]
[WhiteElo "2791"]
[BlackElo "2863"]
[EventDate "2020.08.09"]
[WhiteTitle "GM"]
[BlackTitle "GM"]
[WhiteFideId "8603677"]
[BlackFideId "1503014"]

1.d4 Nf6 2.c4 g6 3.g3 Bg7 4.Bg2 O-O 5.Nc3 d6 6.Nf3 Nc6 7.O-O e5 8.d5 Ne7 
9.e4 b6 10.Rb1 a5 11.Re1 Nd7 12.a3 h6 13.Nh4 f5 14.exf5 gxf5 15.Qc2 Nf6 
16.b4 Bd7 17.c5 axb4 18.axb4 e4 19.c6 Be8 20.f3 Nfxd5 21.Nxd5 Nxd5 22.fxe4
fxe4 23.Bxe4 Nc3 24.Bxh6 Qf6 25.Bh7+ Kh8 26.Rxe8 Rfxe8 27.Ng6+ Kxh7 28.
Nf8+ Kxh6 29.Qh7+ Kg5 30.Qh4+ Kf5 31.Qf4# 1-0

[Event "Carlsen Tour Final 2020"]
[Site "chess24.com INT"]
[Date "2020.08.11"]
[Round "1.31"]
[White "Ding Liren"]
[Black "Carlsen, M"]
[Result "1/2-1/2"]
[WhiteElo "2791"]
[BlackElo "2863"]
[EventDate "2020.08.09"]
[WhiteTitle "GM"]
[BlackTitle "GM"]
[WhiteFideId "8603677"]
[BlackFideId "1503014"]

1.Nf3 Nf6 2.g3 g6 3.Bg2 Bg7 4.c4 O-O 5.d4 d6 6.Nc3 c6 7.O-O Bf5 8.Ng5 d5 
9.Qb3 Qb6 10.cxd5 Qxb3 11.axb3 cxd5 12.Nxd5 Nxd5 13.Bxd5 Nc6 14.e3 h6 15.
Ne4 Rfd8 16.Nc3 e5 17.dxe5 Bxe5 18.e4 Bh3 19.Rd1 Bg4 20.Rf1 Bh3 21.Rd1 Bg4
22.Rf1 Bh3 1/2-1/2

[Event "Carlsen Tour Final 2020"]
[Site "chess24.com INT"]
[Date "2020.08.12"]
[Round "1.43"]
[White "Carlsen, M"]
[Black "Ding Liren"]
[Result "1/2-1/2"]
[WhiteElo "2863"]
[BlackElo "2791"]
[EventDate "2020.08.09"]
[WhiteTitle "GM"]
[BlackTitle "GM"]
[WhiteFideId "1503014"]
[BlackFideId "8603677"]

1.d4 Nf6 2.c4 e6 3.Nf3 d5 4.Nc3 dxc4 5.e3 a6 6.a4 c5 7.Bxc4 Nc6 8.O-O Be7 
9.dxc5 Bxc5 10.Qxd8+ Kxd8 11.Bd2 Ke7 12.a5 Bb4 13.Nb1 Bd7 14.Rc1 Rhc8 15.
Bf1 Ne4 16.Bxb4+ Nxb4 17.Nbd2 Nxd2 18.Nxd2 Rxc1 19.Rxc1 Rc8 20.Rxc8 Bxc8 
21.f4 e5 22.fxe5 Nc6 23.Nc4 Be6 24.Kf2 Bxc4 25.Bxc4 Nxa5 26.Bd5 Nc6 27.Kg3
Nxe5 28.Bxb7 a5 29.Ba6 g5 30.h4 h6 31.hxg5 hxg5 32.Kf2 Kd6 33.Ke2 Kc5 34.
Bb7 a4 35.Kd2 Nc4+ 36.Kc3 Nxe3 37.g3 Nf5 38.g4 Ne3 39.Bf3 f6 40.Kd3 Nc4 
41.Kc3 Nd6 42.Bg2 Nb5+ 43.Kd3 Kb4 44.Bc6 Nd6 45.Kd4 Nf7 46.Bf3 Nh6 47.Bd1 
f5 48.gxf5 Nxf5+ 49.Ke5 Ne3 50.Bxa4 Kxa4 51.Ke4 Nc4 52.Kf5 Nxb2 53.Kxg5 
1/2-1/2

[Event "Carlsen Tour Final 2020"]
[Site "chess24.com INT"]
[Date "2020.08.10"]
[Round "1.21"]
[White "Carlsen, M"]
[Black "Ding Liren"]
[Result "1-0"]
[WhiteElo "2863"]
[BlackElo "2791"]
[EventDate "2020.08.09"]
[WhiteTitle "GM"]
[BlackTitle "GM"]
[WhiteFideId "1503014"]
[BlackFideId "8603677"]

1.d4 Nf6 2.Nf3 d5 3.c4 e6 4.Nc3 c5 5.cxd5 cxd4 6.Qxd4 exd5 7.e4 Nc6 8.Bb5 
dxe4 9.Qxd8+ Kxd8 10.Ng5 Be6 11.Bf4 Bb4 12.O-O-O+ Ke7 13.a3 Bxc3 14.Bd6+ 
Ke8 15.bxc3 h6 16.Nxe6 fxe6 17.Bxc6+ bxc6 18.Rd4 Kf7 19.Rhd1 Rhd8 20.c4 a5
21.Bc5 Rdb8 22.Kc2 Rb7 23.Rb1 Rab8 24.Rxb7+ Rxb7 25.Rd6 Nd7 26.Rxc6 Ne5 
27.Ra6 Nxc4 28.Kc3 Nb2 29.Rxa5 Nd3 30.Bd4 Rc7+ 31.Kd2 Rc4 32.Ra7+ Kg6 33.
Rxg7+ Kf5 34.Be3 Nc5 35.g4+ Ke5 36.Ra7 Nb3+ 37.Kd1 Rc3 38.Bxh6 Rd3+ 39.Kc2
Nd4+ 40.Kb2 Kd5 41.Be3 e5 42.h4 Rb3+ 43.Ka2 Rc3 44.h5 Rc2+ 45.Kb1 Re2 46.
Rc7 1-0

[Event "Carlsen Tour Final 2020"]
[Site "chess24.com INT"]
[Date "2020.08.12"]
[Round "1.44"]
[White "Ding Liren"]
[Black "Carlsen, M"]
[Result "1/2-1/2"]
[WhiteElo "2791"]
[BlackElo "2863"]
[EventDate "2020.08.09"]
[WhiteTitle "GM"]
[BlackTitle "GM"]
[WhiteFideId "8603677"]
[BlackFideId "1503014"]

1.d4 Nf6 2.c4 g6 3.g3 c5 4.dxc5 Qa5+ 5.Nc3 Qxc5 6.Be3 Qa5 7.Bg2 Bg7 8.Bd2 
O-O 9.Rc1 d6 10.Nh3 Nc6 11.Nf4 Bd7 12.O-O Rfc8 13.b3 Qd8 14.Ncd5 Nxd5 15.
Nxd5 Ne5 16.Bg5 Nc6 17.Qd2 Be6 18.Rfd1 Qf8 19.b4 h6 20.Be3 Kh7 21.b5 Ne5 
22.c5 dxc5 23.Bxc5 Qe8 24.Qb4 Bxd5 25.Bxd5 Rc7 26.Rb1 e6 27.Bg2 Bf8 28.
Bxf8 Qxf8 29.Qf4 Qg7 30.Rbc1 Re7 31.Rc5 f6 32.Qc1 Rae8 33.h3 b6 34.Rc8 Qf8
35.Rxe8 Qxe8 36.f4 Nf7 37.Qc6 Qxc6 38.bxc6 Kg7 39.Kf2 Kf8 40.Ke3 Rc7 41.
Kd4 Nd8 42.Rc1 Ke7 43.Ke3 Kd6 44.Rd1+ Ke7 45.Rc1 Kd6 46.Rd1+ Ke7 47.Rc1 
1/2-1/2

[Event "Carlsen Tour Final 2020"]
[Site "chess24.com INT"]
[Date "2020.08.12"]
[Round "1.46"]
[White "Ding Liren"]
[Black "Carlsen, M"]
[Result "0-1"]
[WhiteElo "2791"]
[BlackElo "2863"]
[EventDate "2020.08.09"]
[WhiteTitle "GM"]
[BlackTitle "GM"]
[WhiteFideId "8603677"]
[BlackFideId "1503014"]

1.d4 Nf6 2.c4 e6 3.g3 d5 4.Bg2 Bb4+ 5.Bd2 Be7 6.Nf3 O-O 7.O-O c6 8.Qc2 b6 
9.Ne5 Bb7 10.cxd5 cxd5 11.Rc1 Nfd7 12.Nd3 Nc6 13.e3 Rc8 14.Nc3 Na5 15.Qd1 
Nc4 16.Be1 Nd6 17.a4 a5 18.Nb5 Rxc1 19.Rxc1 Qb8 20.b4 Nc4 21.bxa5 bxa5 22.
e4 Ndb6 23.exd5 Bxd5 24.Bxd5 exd5 25.Ne5 Qb7 26.Bxa5 Bg5 27.Bxb6 Bxc1 28.
Bc5 Ra8 29.Nxc4 dxc4 30.Qxc1 Rxa4 31.Nc3 Ra5 32.h4 Qa8 33.Qb2 Ra1+ 34.Nb1 
c3 35.Qb3 h6 36.d5 Qc8 37.Kg2 Qxc5 38.Nxc3 Ra8 39.Ne2 Rd8 40.Nf4 Qd4 41.h5
Qe5 42.Qb6 Rb8 43.Qc5 Qe4+ 44.Kh3 Rb1 45.Kg4 f5+ 0-1

[Event "Carlsen Tour Final 2020"]
[Site "chess24.com INT"]
[Date "2020.08.12"]
[Round "1.41"]
[White "Carlsen, M"]
[Black "Ding Liren"]
[Result "1-0"]
[WhiteElo "2863"]
[BlackElo "2791"]
[EventDate "2020.08.09"]
[WhiteTitle "GM"]
[BlackTitle "GM"]
[WhiteFideId "1503014"]
[BlackFideId "8603677"]

1.d4 Nf6 2.c4 e6 3.Nf3 d5 4.Nc3 c6 5.Bg5 h6 6.Bh4 dxc4 7.e4 g5 8.Bg3 b5 9.
Be2 b4 10.Na4 Nxe4 11.Be5 Nf6 12.Nc5 c3 13.bxc3 bxc3 14.O-O Nbd7 15.Nxd7 
Bxd7 16.Qb3 Bg7 17.Qa3 g4 18.Ne1 c5 19.dxc5 O-O 20.Bxc3 h5 21.Rd1 Nd5 22.
Bxg7 Kxg7 23.Bc4 Bc6 24.Nc2 Qf6 25.Nd4 Ne7 26.f3 g3 27.hxg3 Rfd8 28.Nxc6 
Nxc6 29.Qe3 Nd4 30.g4 Rac8 31.g5 Qf5 32.Rxd4 Qxc5 33.Bxe6 Rc6 34.Re4 Qxe3+
35.Rxe3 Rxe6 36.Rxe6 fxe6 37.Re1 Rd6 38.Kh2 Kg6 39.f4 Kf5 40.Kg3 h4+ 41.
Kxh4 Kxf4 42.g6 Rd8 43.Rf1+ Ke3 44.Kg5 e5 45.g7 1-0

[Event "Carlsen Tour Final 2020"]
[Site "chess24.com INT"]
[Date "2020.08.09"]
[Round "1.11"]
[White "Ding Liren"]
[Black "Carlsen, M"]
[Result "1-0"]
[WhiteElo "2791"]
[BlackElo "2863"]
[EventDate "2020.08.09"]
[WhiteTitle "GM"]
[BlackTitle "GM"]
[WhiteFideId "8603677"]
[BlackFideId "1503014"]

1.e4 c5 2.Nf3 d6 3.d4 cxd4 4.Nxd4 Nf6 5.Nc3 a6 6.f3 e6 7.Be3 h5 8.Qd2 Be7 
9.O-O-O b5 10.a3 Bd7 11.Kb1 Nc6 12.Nxc6 Bxc6 13.Bf4 e5 14.Bg5 Qb6 15.Bxf6 
Bxf6 16.Nd5 Bxd5 17.Qxd5 Ke7 18.c4 Rac8 19.cxb5 Rc5 20.Qb3 axb5 21.a4 Rhc8
22.Bxb5 Bg5 23.Rd3 h4 24.Rhd1 Rc1+ 25.Ka2 Rxd1 26.Rxd1 Bf4 27.h3 Be3 28.
Bc4 Qxb3+ 29.Kxb3 Bd4 30.Rd2 f5 31.Rc2 fxe4 32.fxe4 Kf6 33.Bb5 Rb8 34.Kb4 
Kg5 35.a5 Kf4 36.Re2 Rc8 37.a6 Bc5+ 38.Ka5 Ba7 39.b3 Rc1 40.Bc4 Ra1+ 41.
Kb5 Rb1 42.Kc6 Bc5 43.Kb7 Ra1 44.b4 1-0

[Event "Carlsen Tour Final 2020"]
[Site "chess24.com INT"]
[Date "2020.08.09"]
[Round "1.12"]
[White "Carlsen, M"]
[Black "Ding Liren"]
[Result "1-0"]
[WhiteElo "2863"]
[BlackElo "2791"]
[EventDate "2020.08.09"]
[WhiteTitle "GM"]
[BlackTitle "GM"]
[WhiteFideId "1503014"]
[BlackFideId "8603677"]

1.d4 Nf6 2.Nf3 d5 3.Bf4 c5 4.e3 e6 5.c3 Bd6 6.Nbd2 cxd4 7.Bxd6 dxe3 8.Ba3 
exd2+ 9.Qxd2 Nc6 10.Qg5 Rg8 11.Bd3 h6 12.Qe3 Qb6 13.Qe2 Bd7 14.O-O O-O-O 
15.b4 Kb8 16.b5 Na5 17.Ne5 Be8 18.Bb4 Rc8 19.a4 Ne4 20.Bxe4 dxe4 21.Qxe4 
f6 22.Qh7 Nb3 23.Qxg8 Nxa1 24.Qxe8 1-0

[Event "Carlsen Tour Final 2020"]
[Site "chess24.com INT"]
[Date "2020.08.09"]
[Round "1.14"]
[White "Carlsen, M"]
[Black "Ding Liren"]
[Result "1/2-1/2"]
[WhiteElo "2863"]
[BlackElo "2791"]
[EventDate "2020.08.09"]
[WhiteTitle "GM"]
[BlackTitle "GM"]
[WhiteFideId "1503014"]
[BlackFideId "8603677"]

1.e4 e5 2.Nf3 Nc6 3.Bb5 Nf6 4.O-O Nxe4 5.Re1 Nd6 6.Nxe5 Be7 7.Bf1 Nxe5 8.
Rxe5 O-O 9.d4 Bf6 10.Re1 Re8 11.c3 Rxe1 12.Qxe1 Ne8 13.Bf4 d5 14.Bd3 g6 
15.Nd2 Ng7 16.Nf3 Bf5 17.Bxf5 Nxf5 18.Qe2 c6 19.Re1 Ng7 20.Be5 Ne6 21.Bxf6
Qxf6 22.Ne5 Re8 23.Ng4 Qd8 24.Qe5 Ng7 25.Qxe8+ Nxe8 26.Rxe8+ Qxe8 27.Nf6+ 
Kf8 28.Nxe8 Kxe8 29.f4 f5 30.b4 b5 31.Kf2 Kf7 32.Kf3 Kf6 33.h4 h5 34.Ke3 
Ke6 35.Ke2 Ke7 36.Ke1 Ke6 37.Ke2 Ke7 38.Ke3 Ke6 39.Ke2 1/2-1/2

[Event "Carlsen Tour Final 2020"]
[Site "chess24.com INT"]
[Date "2020.08.10"]
[Round "1.22"]
[White "Ding Liren"]
[Black "Carlsen, M"]
[Result "0-1"]
[WhiteElo "2791"]
[BlackElo "2863"]
[EventDate "2020.08.09"]
[WhiteTitle "GM"]
[BlackTitle "GM"]
[WhiteFideId "8603677"]
[BlackFideId "1503014"]

1.e4 e5 2.Nf3 Nc6 3.Bc4 Bc5 4.O-O Nf6 5.d3 d6 6.c3 a6 7.Re1 h6 8.a4 O-O 9.
Nbd2 Re8 10.h3 Be6 11.Bxe6 Rxe6 12.b4 Ba7 13.Bb2 Ne7 14.c4 a5 15.bxa5 Nc6 
16.Bc3 Nd7 17.Rb1 Nc5 18.Nf1 Rg6 19.Ne3 Ne6 20.Nd5 Rb8 21.Rb2 Ng5 22.Nxg5 
Qxg5 23.Qf3 Bd4 24.Reb1 Bxc3 25.Nxc3 Nxa5 26.Nd5 Nc6 27.Ne3 b6 28.Nf5 Ra8 
29.h4 Qf4 30.Qxf4 exf4 31.d4 Rxa4 32.d5 Ne5 33.Ne7+ Kh7 34.Nxg6 Kxg6 35.c5
bxc5 36.Rb8 0-1

[Event "Carlsen Tour Final 2020"]
[Site "chess24.com INT"]
[Date "2020.08.11"]
[Round "1.32"]
[White "Carlsen, M"]
[Black "Ding Liren"]
[Result "1-0"]
[WhiteElo "2863"]
[BlackElo "2791"]
[EventDate "2020.08.09"]
[WhiteTitle "GM"]
[BlackTitle "GM"]
[WhiteFideId "1503014"]
[BlackFideId "8603677"]

1.e4 c5 2.Nf3 d6 3.d4 cxd4 4.Nxd4 Nf6 5.Nc3 a6 6.Be3 e5 7.Nb3 Be6 8.Qd2 
Be7 9.f3 h5 10.Be2 Nbd7 11.Nd5 Bxd5 12.exd5 b6 13.O-O-O Qc7 14.Kb1 b5 15.
Na5 Nb6 16.Bxb6 Qxb6 17.Nc6 Bd8 18.c4 bxc4 19.Bxc4 O-O 20.Rhe1 Nd7 21.g4 
hxg4 22.fxg4 Bh4 23.g5 g6 24.Rf1 Kg7 25.Qg2 Rh8 26.Qg4 Qc7 27.Rf3 f5 28.
gxf6+ Nxf6 29.Qg2 Qd7 30.Rg1 Rh6 31.a3 Nh5 32.Rb3 Nf4 33.Qc2 Kh8 34.Ka2 
Qf5 35.Qd2 Qe4 36.Rc1 Bg5 37.Rcc3 Ne6 38.Qc2 Qxc2 39.Rxc2 Nd4 40.Nxd4 exd4
41.Rb6 Bf4 42.Rxa6 Rxa6 43.Bxa6 Rh3 44.a4 Kg7 45.Rf2 Be3 46.Bf1 Rh5 47.Rg2
Rxd5 48.Bd3 Rg5 49.Rxg5 Bxg5 50.a5 Bd8 51.a6 Bb6 52.Kb3 Kf6 53.Kc4 Ke5 54.
Kb5 Ba7 55.Kc6 1-0

[Event "Carlsen Tour Final 2020"]
[Site "chess24.com INT"]
[Date "2020.08.10"]
[Round "1.23"]
[White "Carlsen, M"]
[Black "Ding Liren"]
[Result "1/2-1/2"]
[WhiteElo "2863"]
[BlackElo "2791"]
[EventDate "2020.08.09"]
[WhiteTitle "GM"]
[BlackTitle "GM"]
[WhiteFideId "1503014"]
[BlackFideId "8603677"]

1.d4 Nf6 2.c4 g6 3.Nc3 Bg7 4.e4 O-O 5.Nf3 d6 6.Be2 Na6 7.O-O e5 8.Be3 c6 
9.dxe5 dxe5 10.Qxd8 Rxd8 11.Rfd1 Re8 12.c5 Bf8 13.Bxa6 bxa6 14.h3 Rb8 15.
b3 Nd7 16.Nd2 Bxc5 17.Bxc5 Nxc5 18.Nc4 Be6 19.Na5 Rec8 20.Rac1 Kf8 21.f3 
Ke7 22.Ne2 Rb5 23.b4 Na4 24.Nxc6+ Kf6 25.a3 Nb2 26.Nxa7 Rxc1 27.Rxc1 Rb7 
28.Nc8 Rb8 29.Nd6 Ke7 30.Rc2 Nd3 31.Nc4 Ne1 32.Rc1 Nd3 33.Rc2 Ne1 34.Rc1 
Nd3 35.Rc2 1/2-1/2

[Event "Carlsen Tour Final 2020"]
[Site "chess24.com INT"]
[Date "2020.08.09"]
[Round "1.13"]
[White "Ding Liren"]
[Black "Carlsen, M"]
[Result "1/2-1/2"]
[WhiteElo "2791"]
[BlackElo "2863"]
[EventDate "2020.08.09"]
[WhiteTitle "GM"]
[BlackTitle "GM"]
[WhiteFideId "8603677"]
[BlackFideId "1503014"]

1.e4 c6 2.d4 d5 3.exd5 cxd5 4.Bd3 Nc6 5.c3 Nf6 6.Bf4 Bg4 7.Qb3 Qc8 8.Nd2 
e6 9.Ngf3 Be7 10.O-O Bh5 11.Rae1 Bg6 12.Bxg6 hxg6 13.h4 Nh5 14.Bh2 Nf6 15.
Bf4 Nh5 16.Bg5 f6 17.Be3 Qc7 18.c4 Rd8 19.cxd5 exd5 20.Nb1 Qd7 21.Nh2 Kf7 
22.g4 Na5 23.Qd1 Bd6 24.gxh5 Rxh5 25.f4 Rxh4 26.Re2 Rdh8 27.Nd2 Nc4 28.
Nxc4 dxc4 29.Qc2 b5 30.Qe4 Re8 31.Qd5+ Qe6 32.Qxe6+ Rxe6 33.Nf3 Rg4+ 34.
Kf2 g5 35.fxg5 Bg3+ 36.Kg2 f5 37.Kh3 Bf4 38.Ne5+ Rxe5 39.dxe5 Rg3+ 40.Kh4 
Rg4+ 41.Kh3 Rg3+ 42.Kh4 Rg4+ 43.Kh3 1/2-1/2

[Event "Carlsen Tour Final 2020"]
[Site "chess24.com INT"]
[Date "2020.08.09"]
[Round "1.15"]
[White "Ding Liren"]
[Black "Carlsen, M"]
[Result "1-0"]
[WhiteElo "2791"]
[BlackElo "2863"]
[EventDate "2020.08.09"]
[WhiteTitle "GM"]
[BlackTitle "GM"]
[WhiteFideId "8603677"]
[BlackFideId "1503014"]

1.e4 c6 2.d4 d5 3.exd5 cxd5 4.Bd3 Nc6 5.c3 Nf6 6.Bf4 Bg4 7.Qb3 Qc8 8.Nd2 
e6 9.Ngf3 Be7 10.O-O Bh5 11.Rae1 Bg6 12.Bxg6 hxg6 13.h4 Nh5 14.Bg5 f6 15.
Be3 Qc7 16.Qc2 Kf7 17.Nb3 Bd6 18.Nc1 Rae8 19.Re2 Ne7 20.Nd3 Nf5 21.Bc1 Nf4
22.Bxf4 Bxf4 23.g3 Bd6 24.Qd2 Re7 25.a3 Ke8 26.Qe1 Kd7 27.Kg2 Kc8 28.Rh1 
Rhe8 29.Nb4 Kb8 30.Nc2 Qb6 31.Qc1 a5 32.Ne3 Qc6 33.Rd1 Bc7 34.Qc2 Bb6 35.
Qd3 a4 36.Nc2 Bc7 37.Nb4 Qd6 38.Rg1 Qd7 39.Rge1 Rh8 40.c4 dxc4 41.Qxc4 Bd6
42.Rxe6 Bxb4 43.axb4 Rxe6 44.Qxe6 Qxe6 45.Rxe6 Rd8 46.Re4 1-0

[Event "Carlsen Tour Final 2020"]
[Site "chess24.com INT"]
[Date "2020.08.11"]
[Round "1.33"]
[White "Ding Liren"]
[Black "Carlsen, M"]
[Result "0-1"]
[WhiteElo "2791"]
[BlackElo "2863"]
[EventDate "2020.08.09"]
[WhiteTitle "GM"]
[BlackTitle "GM"]
[WhiteFideId "8603677"]
[BlackFideId "1503014"]

1.Nf3 c5 2.e4 d6 3.d4 cxd4 4.Nxd4 Nf6 5.Nc3 a6 6.Be3 e6 7.f3 b5 8.a3 Bb7 
9.g4 h6 10.Qd2 Nbd7 11.O-O-O Rc8 12.Kb1 d5 13.exd5 Nxd5 14.Nxd5 Bxd5 15.
Rg1 Bc5 16.f4 Nf6 17.Bd3 Qc7 18.Qe1 Ne4 19.h4 Qb7 20.c3 Bxa3 21.f5 b4 22.
c4 Nc3+ 23.Ka1 Bxc4 24.fxe6 O-O 25.Bxc4 Rxc4 26.Rd2 Bxb2+ 27.Kxb2 b3 28.
exf7+ Qxf7 29.Nxb3 Rb4 0-1

[Event "Carlsen Inv Prelim"]
[Site "chess24.com INT"]
[Date "2020.04.25"]
[Round "4.5"]
[White "Giri, A"]
[Black "Ding Liren"]
[Result "1/2-1/2"]
[WhiteElo "2764"]
[BlackElo "2791"]
[EventDate "2020.04.18"]
[WhiteTitle "GM"]
[BlackTitle "GM"]
[WhiteFideId "24116068"]
[BlackFideId "8603677"]

1.e4 e5 2.Nf3 Nc6 3.Bb5 Nf6 4.d3 Bc5 5.Bxc6 dxc6 6.Nbd2 O-O 7.Qe2 Re8 8.
Nc4 b5 9.Ncxe5 Qd6 10.Bf4 Nh5 11.g3 Nxf4 12.gxf4 f6 13.d4 Bxd4 14.Nd3 Bf5 
15.e5 fxe5 16.fxe5 Bxd3 17.Qxd3 Bxe5 18.O-O-O Bf4+ 19.Kb1 Qxd3 20.Rxd3 
Rad8 21.Rc3 Rd6 22.a3 Re2 23.Rf1 g5 24.h3 Kf7 25.Rc5 Kf6 26.Rg1 h6 27.h4 
Rxf2 28.hxg5+ hxg5 29.Nxg5 Bxg5 30.Rcxg5 Ke6 31.Rg7 Rf7 32.Re1+ Kf6 33.Rg8
Re6 34.Rd1 Rd6 35.Rh1 a5 36.a4 bxa4 37.Rh4 Ke7 38.Rxa4 Rd5 39.Re4+ Kd7 40.
Ree8 Rf1+ 41.Ka2 Rf2 42.Rd8+ Ke7 43.Rge8+ Kf7 44.Rf8+ Ke7 45.Rfe8+ Kf7 46.
Rf8+ Ke7 47.Rxd5 Rxf8 48.Rxa5 Kd6 49.Rh5 Rf3 50.c3 c5 51.Kb3 Rf4 52.Rh6+ 
Kd7 53.Rh7+ Kc6 54.Rh8 Kb6 55.Rb8+ Kc6 56.Ra8 Kb6 57.Ra1 Kc6 58.Re1 Kb6 
1/2-1/2